Der Landkreis Biberach 2 B. Gemeindebeschreibungen Ertingen bis Warthausen
Gespeichert in:
| Dokumenttyp: | Buch |
|---|---|
| Sprache: | German |
| Veröffentlicht: |
Sigmaringen
: Thorbecke
, 1990
|
| Schlagwörter: | |
| Online Zugang: | Inhaltsverzeichnis |
| Bibliogr. Hinweis: | Rezension:
Kreisbeschreibungen des Landes Baden-Württemberg, Der Landkreis Biberach, Band II, B Rezensiert in: [Rezension von: Staatsarchiv Sigmaringen. Abteilung Landesbeschreibung (Bearb.), B. Gemeindebeschreibungen Ertingen bis Warthausen] |
| Verantwortlich: | bearb. von der Abt. Landesbeschreibung des Staatsarchivs Sigmaringen. Hrsg. von der Landesarchivdir. Baden-Württemberg in Verbindung mit dem Landkreis Biberach |
| LEADER | 03194cam a2200541 cc4500 | ||
|---|---|---|---|
| 001 | 1089318219 | ||
| 003 | DE-627 | ||
| 005 | 20260529135912.0 | ||
| 007 | tu | ||
| 008 | 891227s1990 gw ||||| 00| ||ger c | ||
| 016 | 7 | |a 891706887 |2 DE-101 | |
| 020 | |a 3799561862 |9 3-7995-6186-2 | ||
| 035 | |a (DE-627)1089318219 | ||
| 035 | |a (DE-576)019318219 | ||
| 035 | |a (DE-599)DNB891706887 | ||
| 035 | |a (OCoLC)1573273095 | ||
| 035 | |a (OCoLC)311233757 | ||
| 035 | |a (OCoLC)1196238926 | ||
| 040 | |a DE-627 |b ger |c DE-627 |e rakwb | ||
| 041 | |a ger | ||
| 044 | |c XA-DE-BW | ||
| 084 | |a RE 65053 |2 rvk |0 (DE-625)rvk/142276:12600 | ||
| 084 | |a NZ 74805 |q DE-24/20sred |2 rvk |0 (DE-625)rvk/163064: | ||
| 084 | |a 01 |2 bwlb | ||
| 084 | |a 15.55 |2 bkl | ||
| 245 | 0 | 4 | |a Der Landkreis Biberach |n 2 |p B. Gemeindebeschreibungen Ertingen bis Warthausen |c bearb. von der Abt. Landesbeschreibung des Staatsarchivs Sigmaringen. Hrsg. von der Landesarchivdir. Baden-Württemberg in Verbindung mit dem Landkreis Biberach |
| 264 | 1 | |a Sigmaringen |b Thorbecke |c 1990 | |
| 300 | |a XVI, 1054, [72] S. |b zahlr. Ill. + 6 Kt.-Beil. | ||
| 336 | |a Text |b txt |2 rdacontent | ||
| 337 | |a ohne Hilfsmittel zu benutzen |b n |2 rdamedia | ||
| 338 | |a Band |b nc |2 rdacarrier | ||
| 583 | 1 | |a Archivierung/Langzeitarchivierung gewährleistet |f PEBW |x XA-DE-BW |2 pdager |5 DE-24 | |
| 650 | 4 | |a Kreisbeschreibung |7 (dpeaa)DE-631 | |
| 651 | 7 | |0 (DE-588)4006425-6 |0 (DE-627)106377558 |0 (DE-576)208865543 |a Landkreis Biberach |2 gnd |7 (dpeaa)DE-631 | |
| 773 | 1 | 8 | |w (DE-627)1083717634 |w (DE-576)013717634 |g 2 |q 2 |7 nnam |
| 787 | 0 | 8 | |i Rezension |a Lutz, Dietrich, 1940 - 1999 |t Kreisbeschreibungen des Landes Baden-Württemberg, Der Landkreis Biberach, Band II, B |d 1991 |w (DE-627)147528568X |w (DE-576)40528568X |
| 787 | 0 | 8 | |i Rezensiert in |a Akermann, Manfred, 1931 - 2018 |t [Rezension von: Staatsarchiv Sigmaringen. Abteilung Landesbeschreibung (Bearb.), B. Gemeindebeschreibungen Ertingen bis Warthausen] |d 1993 |w (DE-627)1858763398 |
| 856 | 4 | 2 | |u http://d-nb.info/891706887/04 |m B:DE-101 |q application/pdf |3 Inhaltsverzeichnis |7 1 |
| 889 | |w (DE-576)408318007 | ||
| 889 | |w (DE-576)423467077 | ||
| 889 | |w (DE-627)1478318007 | ||
| 935 | |a BWLB | ||
| 936 | r | v | |a RE 65053 |b zur Länderkunde |k Geografie |k Regionale Geografie |k Europa |k Mitteleuropa |k Deutschland |k Deutschland (Westliche Länder) |k Süddeutschland |k Baden-Württemberg |k Schwäbische Alb nebst Lias / Vorland (Lias-Vorland) |k Unterlagen für die gesamte Geografie |k Hand-, Lehr- und Schulbücher sowie Sammelwerke zur Gesamtgeografie oder zu größeren Teilgebieten |k Hand- (und Lehr)bücher der gesamten Geografie (oder größerer Teil- gebiete) |k zur Länderkunde |0 (DE-627)1271593718 |0 (DE-625)rvk/142276:12600 |0 (DE-576)201593718 |
| 936 | r | v | |a NZ 74805 |b Biberach |k Geschichte |k Regionale Landeskunde |k Baden-Württemberg |k Landesgeschichte regional |k Geschichte einzelner Kreise |k Landkreise (ab 1972) |k Biberach |0 (DE-627)1685787258 |0 (DE-625)rvk/163064: |
| 936 | b | k | |a 15.55 |j Baden-Württemberg |x Geschichte |q coli-conc RVK->BK |q https://coli-conc.gbv.de/api/mappings/58b6b720-6ba5-4068-ac06-4bb36eb8c635 |0 (DE-627)181571617 |
| 951 | |a MV | ||
| 991 | |a Rezensiertes Werk | ||
| 999 | |a KXP-PPN1089318219 |e 4193670201 | ||


